| 000 | 01333nam0a2200313 4500 | ||
|---|---|---|---|
| 001 | RU\NLR\BIBL_A\022433324 | ||
| 005 | 20250625232957.0 | ||
| 010 |
_a978-5-6048821-6-0 _91250 |
||
| 035 | _a(NLR Aleph) 022433324 | ||
| 090 |
_a13346395 _c13346395 |
||
| 100 | _a20250122d2024 |||y0rusy50 ca | ||
| 101 | 0 | _arus | |
| 102 | _aRU | ||
| 105 | _aa z 000gy | ||
| 181 | 0 |
_ai3 _baxxe |
|
| 182 | 0 | _an | |
| 200 | 1 |
_aМозаика чувств... _eсборник стихов _fВ. Н. Острейко |
|
| 203 |
_aТекст _bвизуальный _cнепосредственный |
||
| 210 |
_aВеликие Луки _c[б. и.] _d2024 _gотпечатано в ООО "Великолукская типография" |
||
| 215 |
_a248 с. _cил. _d20 |
||
| 300 | _aНа 3-й с. авт.: канд. техн. наук, Оксфордский гранд-доктор теорет. электротехники | ||
| 327 | 1 | _aСодерж. разделы: Женщинам; Автопортрет; Таинственная "Ты"; Почти Мудрости; ПолуШутки | |
| 686 | 2 | _aШ6(2=Р)8-5 | |
| 700 | 1 |
_aОстрейко _bВ. Н. _gВладимир Николаевич |
|
| 942 | _cBOOK | ||
| 980 | _aNB | ||